000
00288nam a22001337a 4500
008
180111b xxu||||| |||| 00| 0 eng d
020
_a
9781464150869
041
_a
eng
080
_2
5 ED
_a
616.073
100
_a
6
101
_a
GEN
245
_a
GENETICS
_c
PIERCE.B.A
942
_2
udc
_c
BK
999
_c
40150
_d
40150